000 00294nam a22001097a 4500
008 230621b xxu||||| |||| 00| 0 eng d
082 _a328.35
_bIPC 2000
245 _a104th Inter-Parliamentary Conference
260 _aGeneva
_b Inter-Parliamentary Union
_c2000
300 _a282p
942 _2ddc
_cBK
999 _c2318
_d2318